Cálculo avanzado
Saved in:
| Main Author: | |
|---|---|
| Format: | Book |
| Language: | Spanish |
| Published: |
Ciudad de México
Continental
1980
|
| Edition: | 16a. ed |
| Subjects: | |
| Tags: |
Add Tag
No Tags, Be the first to tag this record!
|
MARC
| LEADER | 00000nam a2200000 a 4500 | ||
|---|---|---|---|
| 001 | UCT3997 | ||
| 003 | CL-VaPUC | ||
| 008 | 961105e19800000MX |||||||||||||||||spa|d | ||
| 082 | 0 | 4 | |a 515 |b KAP |2 21 |
| 100 | |a Kaplan, Wilfred |e author |9 427795 | ||
| 245 | 1 | 0 | |a Cálculo avanzado |
| 250 | |a 16a. ed | ||
| 300 | |a 861 p | ||
| 942 | |c BK | ||
| 945 | |d 19961105 00:00:00 |a lriquelm | ||
| 260 | |a Ciudad de México |b Continental |c 1980 | ||
| 650 | 0 | |a Cálculo |9 260234 | |
| 650 | 0 | |a Vectores |9 317184 | |
| 650 | 0 | |a Matemática |9 260235 | |
| 650 | 0 | |a Cálculo diferencial |9 260102 | |
| 650 | 7 | |a SERIES |2 CL-VaPUC |9 325542 | |
| 650 | 0 | |a Variables |9 338106 | |
| 650 | 0 | |a Variables reales |9 359780 | |
| 650 | 7 | |a DIFERENCIACION PARCIAL |2 CL-VaPUC |9 370346 | |
| 583 | |a last modification |c 19961105 00:00:00 |k Rodrigo Vera | ||
| 999 | |c 253478 |d 253476 | ||
| 952 | |0 0 |1 0 |4 0 |6 515_000000000000000_KAP_1980 |7 0 |8 A |9 274351 |a BIBCUR |b BIBCUR |d 2019-11-19 |i 1784110 |o 515 KAP 1980 |p 1784110 |r 2025-04-22 |w 2019-11-19 |y BK |k BCB | ||